000 01350nam a2200301 a 4500
003 DO-SdBNP
005 20250623122139.0
007 ta
008 221019n200? dr a|||grlg|| 001 0 eng d
040 _aDO-SdBNP
_bspa
_cBNPHU
_erda
041 _heng
082 4 _axxx
_bR426L
_222
240 _aLey 108-10
_leng
245 1 0 _aDec. no. 370-11 which establishes the regulation for the aplication of Law no. 108-10, for the promotion of cinematic activity in the Domincan Republic. Law 108-10 for the development of the film activity in teh Dominican Republic.
246 _a Ley 108-10 for the evelopmen of the film activity in teh Dominican Republic.
264 1 _aSanto Domingo :
_bDGCINE,
_c200?
300 _a86 páginas :
_bIlustraciones ;
_c21 cm.
336 _atexto
_btxt
_2rdacontent
337 _asin mediación
_bn
_2rdamedia
338 _avolumen
_bnc
_2rdacarrier
556 _aDos obras encuadernadas junta.
590 _aInventariado 2022 / MF
630 4 _aLey 108-10 for the evelopmen of the film activity in teh Dominican Republic.
_leng
_xDec. No. 370-11
_zRepública Dominicana
_982541
650 4 _981254
_aCinematografía
_zRepública Dominicana
651 4 _aRepública Dominicana
_xDec. No. 370-11
_982542
710 1 _aRepública Dominicana.
_bMinisterio de Cultura,
_bDirección General de Cine.
_980672
942 _2ddc
_cLBS1
999 _c52571
_d52571